| 000 | 00603nam a22002177a 4500 | ||
|---|---|---|---|
| 003 | OSt | ||
| 005 | 20180130192225.0 | ||
| 008 | 180130b xxu||||| |||| 00| 0 eng d | ||
| 020 | _a9780199216420 | ||
| 040 | _cDNLM | ||
| 082 | _aWB310 P95l 2008 | ||
| 100 |
_aEdited by Mari Lloyd-Williams _912400 |
||
| 245 | _aPsychosocial Issues in Palliative Care. | ||
| 250 | _a2nd ed. | ||
| 260 | _aOxford University Press, 2008 | ||
| 300 | _axiv,261p; ill: 24cm | ||
| 504 | _aReferences, & index included | ||
| 650 |
_aPalliative care _91786 |
||
| 650 |
_aPsychosocial support _912401 |
||
| 942 |
_2z _cO_SHELF |
||
| 999 |
_c5982 _d5982 |
||